000 00433ntaaa2200181 4500
003 01
005 20251027201101.0
008 0714s1973 ag 01
040 _aAR-BaBN
_bspa
_cAR-BaBN
_eaacr
_dRIC
082 _a201 Om1
100 _aOman, John
_98324
245 _aNatural and the supernatural /
_cJohn Oman
250 _a1 ed.
260 _aCambridge,
_cc1931
300 _a506 p.
650 _aFilosofĂ­a Religiosa
942 _cBK
999 _c5039
_d5039